[Event "Dortmund"]
[Site "Dortmund"]
[Date "1994.??.??"]
[Round "4"]
[White "Timman, Jan H"]
[Black "Jussupow, Artur"]
[Result "1-0"]
[WhiteElo "2620"]
[BlackElo "2665"]
[Annotator "Jussupow,A"]
[PlyCount "59"]
[EventDate "1994.07.??"]
[EventType "tourn"]
[EventRounds "9"]
[EventCountry "GER"]
[EventCategory "16"]
[SourceTitle "CBM 042"]
[Source "ChessBase"]
[SourceDate "1994.10.01"]
[SourceVersion "1"]
[SourceVersionDate "1994.10.01"]
[SourceQuality "1"]

1. e4 {Blatny,P} e5 2. Nf3 Nf6 3. Nxe5 d6 4. Nf3 Nxe4 5. d4 d5 6. Bd3 Nc6 7.
O-O Be7 8. Re1 Bg4 9. c4 Nf6 10. Nc3 O-O 11. cxd5 Nxd5 12. h3 Be6 13. a3 a6 $5
$146 14. Bc2 (14. Ne4 Bf5) (14. Be3) (14. Qc2 h6 15. Bh7+ Kh8 16. Bf5 Bxf5 17.
Qxf5 Nxc3 18. bxc3 Bf6 $14) 14... Re8 (14... Qd7 15. Ne4 Bf5 16. Nc5 $14) 15.
Be3 Qd7 16. Qd2 Rad8 17. Rad1 Nxc3 18. bxc3 (18. Qxc3 Bd5 19. Ne5 $10) 18...
Bxa3 19. Bg5 (19. c4 Bb4 20. Qd3 g6 $17) 19... Be7 (19... f6 {Blatny,P} 20. Qd3
fxg5 21. Qxh7+ Kf8) 20. Qf4 Bd5 (20... Qd6 21. Qh4 g6 22. Qh6 (22. Ne5)) 21.
Bxe7 Rxe7 22. Ng5 $2 (22. Ne5 Qe8 (22... Nxe5 23. dxe5 Qe8 24. Bxh7+ Kxh7 25.
Rxd5 Rxd5 26. Qe4+ $14) 23. Qh4 h6 24. f4 $44) 22... h6 23. Ne4 Rde8 24. Re3
Bxe4 25. Bxe4 Na5 $6 (25... Qd6 26. Qf3 Nd8 $5) (25... Nd8) (25... Nd8 $142 {
Blatny,P}) 26. Bd3 b5 $6 27. Ra1 Nb7 $2 (27... Rxe3 28. fxe3 Qc6 $1 {Adams} 29.
Rf1 (29. Rxa5 Qxc3 30. Qf5 (30. Bxb5 $15) 30... g6 31. Qd7 Rxe3 32. Rxa6 Rxd3
33. Rxg6+ $1 $10) 29... Qd7 $44) 28. Rxa6 $14 Nd6 29. Re5 g5 $4 $138 (29... Re6
30. Ra1 c6 $14) (29... Rxe5 {Blatny,P} 30. dxe5 Nc4 31. Bxc4 bxc4 $16) 30.
Rxg5+ (30. Rxg5+ {Blatny,P} hxg5 (30... Kf8 31. Rg6 $18) 31. Qxg5+ Kh8 32. Qh6+
Kg8 33. Qh7+ Kf8 34. Qh8#) 1-0

[Event "Interpolis"]
[Site "Tilburg"]
[Date "1992.10.18"]
[Round "4.2"]
[White "Kamsky, Gata"]
[Black "Jussupow, Artur"]
[Result "1-0"]
[WhiteElo "2655"]
[BlackElo "2640"]
[Annotator "Jussupow,A"]
[PlyCount "151"]
[EventDate "1992.10.08"]
[EventType "k.o."]
[EventRounds "7"]
[EventCountry "NED"]
[SourceTitle "CBM 032"]
[Source "ChessBase"]
[SourceDate "1993.02.01"]
[SourceVersion "1"]
[SourceVersionDate "1993.02.01"]
[SourceQuality "1"]

1. e4 e5 2. Nf3 Nf6 3. Nxe5 d6 4. Nf3 Nxe4 5. d4 d5 6. Bd3 Bd6 7. O-O O-O 8. c4
Be6 9. Re1 $5 Re8 (9... c6 {N} 10. cxd5 cxd5) (9... f5 $5 10. c5 (10. cxd5 Bxd5
11. Nc3 Nxc3 12. bxc3 Nc6) (10. Qb3 $5 dxc4 11. Bxc4 (11. Qxb7 cxd3 12. Qxa8)
11... Bxc4 12. Qxc4+ Kh8 13. Nc3 $14) 10... Be7 11. Ne5 Nd7 12. Nxd7 Bxd7 (
12... Qxd7 13. f3 Nf6 14. Qe2 Bf7 15. Qxe7 Rae8 16. Qxd7 Rxe1+ 17. Kf2 $18) 13.
f3 Nf6 14. Re5 {Capablanka,J-Michelsen,E/New York/1915/} (14. Bf4 {/\Bc7})
14... b6 $5 15. Qe2 Rf7) 10. c5 (10. Qb3 dxc4 11. Bxc4 (11. Qxb7 cxd3 (11...
Bd5 $2 12. Qxd5 Bxh2+ 13. Nxh2 Qxd5 14. Nc3 $18) 12. Qxa8 $13 Bd5) 11... Bxc4
12. Qxc4 Nd7 13. Nc3 Ndf6 14. Qb3 Qc8 (14... b6 {Yus}) (14... Nxc3 {Yus}) 15.
Be3 c6 16. Rac1 Qd7 $10 {Schwarz}) (10. cxd5 Bxd5 11. Nc3 Nxc3 12. Rxe8+ Qxe8
13. bxc3 Bxf3 14. Qxf3 Qe1+ 15. Bf1 Nc6 16. Bb2 Qd2 17. Qe2 $10 {Van Baarle,
J-Yusupov,A/Wolvega 25'/1992/}) (10. Qc2 Nc6 11. Bxe4 dxe4 12. Rxe4 Nb4 13. Qc3
Bf5 $44 {Lau,R-Huebner,R/Munich 30'/1992/}) 10... Be7 (10... Bf8 11. Nc3 Bf5
12. Qb3 Nc6 13. Qxb7 Nxc3 14. Qxc6 Bxd3 15. bxc3 Rxe1+ 16. Nxe1 Be4 17. Bf4 $16
{Kuczynski,R-Gdanski,A/Polanica Zdroj/1992/}) 11. Nc3 $1 $14 (11. Bxe4 $6 dxe4
12. Rxe4 Bxc5 $15 {Schwarz}) 11... Nxc3 (11... f5 $2 12. Qb3 $16 {><e4,b7,d5})
12. bxc3 Nd7 (12... b6 13. Qc2 h6 14. cxb6 axb6 15. Ne5 $16) 13. Bf4 b6 14. Qc2
(14. c6 Nf8 $14 {/\Bd6,><c6}) 14... Nf8 15. Ne5 Bf6 (15... bxc5 $6 16. Bb5 (16.
Nc6 Qd7 17. Bb5 Bd6 18. Nxa7 Bxf4 19. Bxd7 Bxd7 $13) 16... Nd7 17. Nc6 (17. Qa4
Nxe5 18. Bxe8 (18. Bxe5 $36) 18... Nd3 $13) 17... Qc8 18. Nxe7+ Rxe7 19. Bc6
Rb8 20. Bxd5 cxd4 21. cxd4 Nf6 22. Bxe6 fxe6 $16) 16. Bb5 (16. Nc6 $6 Qd7 17.
Bb5 $140 (17. Qa4 $140 a6 18. cxb6 cxb6 19. Bxa6 Rxa6) 17... a6 18. Ba4 b5)
16... Bxe5 $8 17. Bxe5 Bd7 18. c6 Bc8 $1 {/\a6,Re6,><c6} (18... Be6 19. Ba6 $18
) 19. Bg3 a6 20. Bd3 Re6 21. Rxe6 Bxe6 22. a4 $5 {/\Qe2} Qe8 (22... Ng6 23. f4
$1 $40) 23. Bxc7 Qxc6 24. Bg3 $14 {^^} h6 (24... Rc8 $142 $1 25. Ra3 b5 26.
axb5 axb5 27. Qb1 (27. Rb3 b4 $10) (27. Qb2 $5) 27... Bd7 28. Rb3 Qe6 $14) 25.
h3 Nd7 (25... Rc8) 26. Bh4 $1 $16 (26. f4 Nf6) (26. Ra3 $5 $16) 26... Qc7 27.
Qd2 {/\f4} Nf8 28. Ra3 $1 (28. f4 f5 $1 $14) 28... Ng6 29. Bg3 Qb7 (29... Qc6
$142) 30. Rb3 {><a6,b6} Nf8 {/\Nd7} 31. Qb2 Nd7 32. Qa3 Qc6 33. Qb4 Ra7 34. Kh2
Ra8 35. f3 Ra7 $138 36. Qd6 Qxd6 (36... Qxa4 37. Rxb6 $40) 37. Bxd6 f5 (37...
h5 $142 $16) 38. g4 g6 39. Kg3 Kf7 40. Bf4 Kg7 (40... g5 41. gxf5 gxf4+ 42.
Kxf4 $18) 41. gxf5 Bxf5 42. Bxf5 gxf5 43. Rb1 Kg6 (43... Ra8 44. Bc7 (44. Re1
$5 Kf7 45. Bxh6 $16) 44... Rc8 45. Bxb6 Rxc3 $16) 44. Re1 Nf6 45. Kh4 (45. Re6
$4 Kf7 {/\Nh5}) 45... Kf7 46. Bxh6 Rc7 (46... Ra8 47. Bg5) 47. Bd2 Rc8 48. Kg3
$18 Nh5+ 49. Kf2 Re8 50. Rg1 (50. Rxe8 Kxe8 51. Ke2 Kd7 52. Kd3 Kc6 53. h4 $18
{/\Kc2-b3,b4, Be3-g1,h2=}) 50... Ng7 $1 51. h4 Ne6 52. Rb1 $2 (52. Re1 $18)
52... Rb8 53. Ke2 $6 b5 54. Kd3 Kf6 55. axb5 axb5 56. h5 f4 $16 57. Ra1 Rh8 58.
Ra6 Rxh5 $2 (58... Kf7 $1 59. Rb6 Rxh5 60. Rxb5 $16) 59. Bxf4 Kf5 60. Be5 Nc5+
(60... Rh3 61. Ke3 $16) 61. dxc5 Kxe5 62. Rg6 $2 (62. f4+ $3 Kxf4 63. Kd4 $18)
62... Rh4 {/\Rc4=} 63. Rg4 Rh1 64. Rd4 $6 (64. Rg8 $142) 64... Ke6 $138 65. Kc2
$6 $138 Rh5 66. Kb3 Kd7 (66... Rf5 $10) 67. Kb4 Kc6 $4 (67... Rf5 $1 $10) 68.
Rg4 $18 Rh6 69. f4 Rf6 70. Rh4 Rf7 71. Rh6+ Kc7 72. Kxb5 Rxf4 73. Rh7+ Kc8 74.
Kb6 Rf1 75. Rh8+ Kd7 76. c6+ 1-0

[Event "Foros Aerosvit 3rd"]
[Site "Foros"]
[Date "2008.06.11"]
[Round "4"]
[White "Karjakin, Sergey"]
[Black "Jakovenko, Dmitrij"]
[Result "1-0"]
[WhiteElo "2732"]
[BlackElo "2711"]
[Annotator "Karjakin,S"]
[PlyCount "83"]
[EventDate "2008.06.08"]
[EventType "tourn"]
[EventRounds "11"]
[EventCountry "UKR"]
[EventCategory "19"]
[SourceTitle "CBM 125"]
[Source "ChessBase"]
[SourceDate "2008.07.30"]
[SourceVersion "1"]
[SourceVersionDate "2008.07.30"]
[SourceQuality "1"]

1. e4 e5 2. Nf3 Nf6 3. Nxe5 d6 4. Nf3 Nxe4 5. Nc3 Nxc3 6. dxc3 Be7 ({The
incredible Das unglaubliche} 6... Nc6 7. Bf4 Qf6 $5 {was played by Ivanchuk
against me later in this tournament, although it was a draw, I was standing
better. wurde von Ivanchuk später in diesem Turnier gegen mich gespielt; es
endete zwar remis, aber ich stand doch besser.}) 7. Bf4 O-O 8. Qd2 Nd7 9. O-O-O
Nc5 10. Be3 Re8 11. Bc4 Be6 12. Bxe6 Nxe6 13. h4 Qd7 14. Qd3 Qc6 15. Qf5 Qc4
16. Kb1 (16. Ng5 {was played by me against Kramnik in Corus 2007. spielte ich
selbst gegen Kramnik im Corus-Turnier 2007.}) 16... g6 17. Qh3 h5 18. Nd2 Qe2
19. Rde1 Qg4 20. Qh2 d5 21. f3 Qa4 22. g4 Bd6 {This is still theory. Here I
played a novelty which I introduced while preparing against Wang Yue in Baku
and more deeply analysed before this tournament. Dies ist noch Theorie. Hier
brachte ich eine Neuerung, die ich bei der Vorbereitung gegen  Wang Yue in
Baku endeckt und vor diesem Turnier eingehender analysiert hatte..} 23. Qg1
$146 ({Zuvor wurde} 23. Qf2 {was played before. gespielt.}) 23... Ng7 24. Nb3
Qd7 25. Rd1 hxg4 26. fxg4 Re4 27. Rd4 Rae8 28. Bc1 {An improvement should be
sought by Black in the previous moves, because now it looks like White is
better! Schwarz sollte in den vorigen Zügen nach einer Verbesserung suchen,
denn jetzt sieht es so aus, als stünde Weiß besser!} Be5 $2 {This is already
the decisive mistake! Dies ist bereits der entscheidende Fehler!} ({Black
should have played Schwarz hätte} 28... Re1 {although after spielen sollen,
obwohl Weiß nach} 29. Qxe1 Rxe1 30. Rxe1 {White is better. besser steht.}) 29.
Rxe4 dxe4 30. h5 {Now White has a very strong attack without any counterplay
for Black! Nun hat Weiß sehr starken Angriff ohne jegliches Gegenspiel für
Schwarz!} gxh5 31. gxh5 Kh8 32. Qg5 $18 f6 (32... Qf5 33. h6 $1 $18) 33. Qh6+
Kg8 34. Rg1 Qf7 35. Nd4 $1 {White includes all the pieces in the attack! Weiß
schaltet alle Figuren in den Angriff ein!} f5 36. Bf4 $1 Bxf4 37. Qxf4 Kh7 38.
Rg6 Re7 39. Qh6+ Kg8 40. Qg5 Kh7 41. Nxf5 $1 Nxf5 42. Rf6 {Black resigned!
Schwarz gab auf!} ({After Nach} 42. Rf6 Qe8 43. Qxf5+ Kg8 44. h6 {Black has no
defence against Rg6. hat Schwarz keine Verteidigung gegen Rg6.}) 1-0

[Event "Linares-03"]
[Site "Linares"]
[Date "1981.01.28"]
[Round "9"]
[White "Spassky, Boris Vasilievich"]
[Black "Karpov, Anatoly"]
[Result "1/2-1/2"]
[WhiteElo "2635"]
[BlackElo "2690"]
[Annotator "Kharitonov,A"]
[PlyCount "64"]
[EventDate "1981.01.17"]
[EventType "tourn"]
[EventRounds "11"]
[EventCountry "ESP"]
[EventCategory "13"]
[SourceTitle "MCL"]
[Source "ChessBase"]
[SourceDate "1999.07.01"]
[SourceVersion "1"]
[SourceVersionDate "1999.07.01"]
[SourceQuality "1"]

1. e4 e5 2. Nf3 Nf6 3. Nxe5 d6 4. Nf3 Nxe4 5. Qe2 Qe7 6. d3 Nf6 7. Bg5 Qxe2+ (
7... Nbd7 $5 8. Nc3 Qxe2+ 9. Bxe2 h6 10. Bf4 g6 11. O-O-O Bg7 12. h3 Nb6 $10 {
Trifunovic,P-Bronstein,D/URS-JUG/1957/0:1 (34)/}) 8. Bxe2 Be7 9. Nc3 c6 10. b4
(10. O-O-O Na6 11. Nd4 (11. Ne4 Nxe4 12. dxe4 Bxg5+ 13. Nxg5 Ke7 $10) 11... Nc7
12. Rde1 Ne6 13. Nxe6 Bxe6 14. f4 d5 15. Bf3 Kd8 $10 {Timman,J-Karpov,A/
Tilburg/1980/0:1 (36) Inf 30/239/}) 10... Nbd7 11. O-O Nf8 12. b5 Ne6 13. bxc6
bxc6 $10 (13... Nxg5 $2 14. cxb7 Nxf3+ 15. Bxf3 $18) 14. Bh4 $2 (14. Bd2 $142)
14... h6 15. Rab1 g5 $1 16. Bg3 Nh5 17. Rfe1 O-O 18. Nd2 Nxg3 19. hxg3 d5 $15
20. Bg4 Bd6 21. Na4 Nd4 $2 (21... f5 $5 22. Bd1 Kg7 {/\Kf6-/+/}) 22. Bxc8 Rfxc8
23. c3 Ne6 24. Rb7 $10 g4 25. Kf1 Kf8 26. d4 Rc7 27. Reb1 Rac8 28. Rxc7 Rxc7
29. Rb8+ Kg7 30. Nb3 h5 31. Nac5 Bxc5 32. dxc5 (32. Nxc5 Nxc5 33. dxc5 Re7 34.
Rc8 Re4 35. Rxc6 Rc4 $10) 32... Ng5 (32... Ng5 33. Nd2 Ne6 34. Nb3 $10) 1/2-1/2

[Event "Linares-03"]
[Site "Linares"]
[Date "1981.01.26"]
[Round "8"]
[White "Ljubojevic, Ljubomir"]
[Black "Christiansen, Larry Mark"]
[Result "1/2-1/2"]
[WhiteElo "2605"]
[BlackElo "2515"]
[Annotator "Kharitonov,A"]
[PlyCount "33"]
[EventDate "1981.01.17"]
[EventType "tourn"]
[EventRounds "11"]
[EventCountry "ESP"]
[EventCategory "13"]
[SourceTitle "MCL"]
[Source "ChessBase"]
[SourceDate "1999.07.01"]
[SourceVersion "1"]
[SourceVersionDate "1999.07.01"]
[SourceQuality "1"]

1. e4 e5 2. Nf3 Nf6 3. Nxe5 d6 4. Nc4 Nxe4 5. Qe2 Qe7 6. d3 (6. b3 Nc6 7. Bb2
d5 8. Ne3 Be6 9. g3 O-O-O 10. Bg2 Qd7 11. Nc3 f5 $13 {Folian,L-Kharitonov,A/
Sochi/1978/1:0 (21)/}) 6... Nf6 7. Bg5 Qxe2+ 8. Bxe2 Be7 9. Nc3 Nc6 (9... Bd7
$5) 10. O-O-O (10. Nb5 Kd8 (10... Bd8 11. Bxf6 gxf6 12. O-O-O $14) 11. O-O-O a6
12. Nc3 Be6 $10) 10... Be6 11. f4 $6 (11. Rhe1 $142 $10) 11... h6 $1 12. Bh4
O-O-O 13. Ne3 Nd4 $1 14. Rde1 $6 (14. Bf1 $5) 14... Nxe2+ 15. Rxe2 Rde8 $17 16.
Rhe1 Bd8 {/\Rhg8,g5-/+/} 17. Bxf6 (17. Bxf6 Bxf6 18. Ng4 Bd8 $1 (18... Bxc3 19.
bxc3 Kd8 $15) 19. f5 Bd7 20. Rxe8 Rxe8 21. Rxe8 Bxe8 22. f6 g6 23. Nxh6 $8 Bxf6
$15) 1/2-1/2

[Event "Linares-03"]
[Site "Linares"]
[Date "1981.01.28"]
[Round "9"]
[White "Kavalek, Lubomir"]
[Black "Portisch, Lajos"]
[Result "1/2-1/2"]
[WhiteElo "2550"]
[BlackElo "2650"]
[Annotator "Kharitonov,A"]
[PlyCount "42"]
[EventDate "1981.01.17"]
[EventType "tourn"]
[EventRounds "11"]
[EventCountry "ESP"]
[EventCategory "13"]
[SourceTitle "MCL"]
[Source "ChessBase"]
[SourceDate "1999.07.01"]
[SourceVersion "1"]
[SourceVersionDate "1999.07.01"]
[SourceQuality "1"]

1. e4 e5 2. Nf3 Nf6 3. Nxe5 d6 4. Nf3 Nxe4 5. d4 Be7 6. Bd3 d5 (6... Nf6 7. h3
O-O 8. O-O c5 9. Nc3 Nc6 10. Re1 a6 11. d5 Na7 12. a4 $16 {Karpov,A-Smyslov,V/
Moscow/1972/1:0 (42)/}) 7. O-O Nc6 8. Re1 Bf5 (8... Bg4 9. c4 Nf6 10. cxd5 Nxd5
11. Nc3 O-O 12. Be4 Be6 13. Qc2 h6 14. Bh7+ Kh8 15. Bf5 $14) 9. Nbd2 (9. c4 $5
Nb4 10. Bf1 O-O 11. a3 Nc6 12. cxd5 Qxd5 13. Nc3 Nxc3 14. bxc3 Bg6 15. c4 Qd7
16. d5 $16 {Karpov,A-Portish,L/Luzern(ol)/1982/1:0 (27)/}) (9. c4 Nb4 10. Bf1
dxc4 $5 11. Nc3 Nf6 12. Bxc4 O-O 13. a3 Nc6 14. d5 Na5 15. Ba2 c5 16. Bg5 Re8
17. Qa4 $14 {Karpov,A-Portish,L/Tilburg/1982/0:1 (32)/}) 9... Nxd2 10. Qxd2
Bxd3 11. Qxd3 O-O 12. Bf4 (12. c3 Qd7 (12... Bd6 13. Ng5 g6 14. Qh3 $36) 13.
Bf4 Bf6 14. Re3 Rae8 15. Rae1 Bd8 16. h3 Rxe3 (16... Rxe3 17. Qxe3 f6 {
/\Rf7-e7=/})) 12... Bd6 13. Bxd6 (13. Ng5 g6 14. Qh3 h5 15. Bxd6 Qxd6 16. c3
Rae8 $10) 13... Qxd6 14. Re2 Rae8 15. Rae1 Rxe2 (15... Qd7 $2 16. Qb5 $1 $16)
16. Qxe2 a6 $1 17. c3 f6 $10 18. Nh4 g6 19. Qf3 Qd7 20. g3 Ne7 21. Ng2 (21. Qe3
Re8 22. Ng2 Kf7 23. Qh6 (23. Nf4 c6 $10) 23... Kg8) 21... c6 (21... c6 22. Nf4
Nf5 23. Nd3 b6 $10) 1/2-1/2

[Event "URS-chT Cup 10th"]
[Site "Ordzhonikidze"]
[Date "1978.05.??"]
[Round "4"]
[White "Kochyev, Alexander"]
[Black "Kholmov, Ratmir D"]
[Result "0-1"]
[WhiteElo "2555"]
[BlackElo "2540"]
[Annotator "Kholmov,R"]
[PlyCount "143"]
[EventDate "1978.05.05"]
[EventType "team-tourn"]
[EventRounds "7"]
[EventCountry "URS"]
[SourceTitle "EXT 2017"]
[Source "ChessBase"]
[SourceDate "2016.10.25"]
[SourceVersion "1"]
[SourceVersionDate "2016.10.25"]
[SourceQuality "1"]
[WhiteTeam "Burevestnik"]
[BlackTeam "Country Societies"]
[WhiteTeamCountry "URS"]
[BlackTeamCountry "RUS"]

1. e4 e5 2. Nf3 Nf6 3. Nxe5 d6 4. Nf3 Nxe4 5. Nc3 Nf6 6. d4 Be7 7. Bd3 O-O 8.
Ne2 (8. O-O Bg4 9. Ne2 Nc6 10. c3 Bxf3 11. gxf3 d5 12. Ng3 Ne8 13. f4 Bd6 14.
Qf3 Nf6 15. Kh1 Ne7 16. Rg1 Ng6 17. f5 Nh4 18. Qd1 Be7 19. Bg5 Ne4 20. Nxe4
dxe4 21. Bxe7 Qxe7 22. Qg4 g6 23. Rae1 Qf6 24. Rxe4 Nxf5 25. Rf4 Kh8 26. Bxf5
gxf5 27. Rxf5 Qh6 28. Rh5 f5 29. Qh3 Qc6+ 30. f3 Qd7 31. Rgg5 Rf6 32. Rxf5 Rd6
33. Re5 Qg7 34. Rhg5 Qf7 35. Qh5 Qd7 36. Rgf5 Rg6 37. Rg5 Rb6 {Gunsberg,
I-Marshall,F Monte Carlo 1901 1-0}) 8... Re8 9. O-O Nc6 $146 (9... Nh5 10. h3
g6 11. Nf4 Nxf4 12. Bxf4 Bf6 13. Qd2 Nc6 14. c3 Be6 15. Ng5 Bxg5 16. Bxg5 f6
17. Bh4 Rf8 18. f4 Ne7 19. Rae1 Bf5 20. g4 Bxd3 21. Qxd3 Qd7 22. d5 Rf7 23. Re6
Raf8 24. c4 h6 25. Be1 Kh7 26. Bc3 Ng8 27. g5 f5 28. Qd4 Ne7 29. Rfe1 c5 30.
dxc6 Nxc6 31. Qd5 Ne7 32. Qf3 h5 33. Qxh5+ {1-0 (33) Wolf,H-Albin,A Vienna 1905
}) 10. c3 Bf8 11. Ng3 h6 12. Bc2 (12. Bf4 $142) 12... d5 13. Bf4 Bd6 14. Bxd6
Qxd6 15. Qd3 Bd7 16. b4 a6 17. a4 Bg4 18. a5 g6 19. Rfe1 Kg7 20. h3 Bxf3 21.
Qxf3 Rxe1+ 22. Rxe1 Re8 23. Re3 Rxe3 24. Qxe3 b6 25. axb6 (25. Qe2 $5 {Inf})
25... cxb6 26. h4 a5 27. bxa5 bxa5 28. h5 Nxh5 29. Nxh5+ gxh5 30. Qf3 Ne7 31.
Qxh5 Qe6 32. g3 Ng8 33. Qe5+ Nf6 34. Kf1 Qc6 35. g4 Kf8 36. Qb8+ Ne8 37. Qe5
Nc7 38. Kg2 Qxc3 39. Qd6+ Kg7 40. Qe5+ Kg8 41. Qf5 Kf8 42. Qc8+ Kg7 43. Qf5
Qxd4 44. Qh7+ Kf8 45. Qxh6+ Ke7 46. Qg5+ f6 47. Qg7+ Kd6 48. Bf5 Qe5 49. Qd7+
Kc5 50. Qa4 Qc3 51. Bd7 Kd6 52. Bc8 $6 (52. Bf5 Ne6) 52... Nb5 $1 {[%csl Rc8]}
53. Qxb5 Qxc8 54. Qb6+ Ke7 55. Qxa5 Qxg4+ 56. Kf1 Qc4+ 57. Ke1 Ke6 58. Qd8 Qe4+
59. Kd2 Kf5 60. Qh8 Qd4+ 61. Ke2 Qe5+ 62. Kf1 Ke4 63. Qh7+ f5 64. Qb7 Qc3 65.
Qf7 Qd3+ 66. Ke1 Qb1+ 67. Ke2 Qb5+ 68. Ke1 d4 69. Qa2 d3 70. Qa8+ Kf4 71. Qa2
Qe5+ 72. Kf1 0-1

[Event "FIDE-Wch k.o."]
[Site "Moscow"]
[Date "2002.01.22"]
[Round "7.6"]
[White "Ivanchuk, Vassily"]
[Black "Ponomariov, Ruslan"]
[Result "1/2-1/2"]
[WhiteElo "2717"]
[BlackElo "2727"]
[Annotator "Knaak,R"]
[PlyCount "53"]
[EventDate "2001.11.27"]
[EventType "k.o."]
[EventRounds "7"]
[EventCountry "RUS"]
[SourceTitle "CBM 086"]
[Source "ChessBase"]
[SourceDate "2002.02.05"]
[SourceVersion "1"]
[SourceVersionDate "2002.02.05"]
[SourceQuality "1"]

1. e4 e5 2. Nf3 Nf6 3. Nxe5 d6 4. Nf3 Nxe4 5. d4 d5 6. Bd3 Nc6 7. O-O Be7 8. c4
Nb4 9. Be2 O-O 10. Nc3 Be6 {Weiß hat nun etliche Möglichkeiten (11.Be3, 11.cd5,
11.a3 etc.) und Ivanchuk dachte einige Zeit nach.} 11. Ne5 {Auch das ist ein
ganz moderner Zug.} f6 12. Nf3 Kh8 13. h3 $6 {Das ist neu, doch ich habe große
Zweifel, ob der Zug auch gut ist.} f5 $1 {Nun droht dxc4 und Weiß muss
reagieren.} ({Auch} 13... c5 {scheint okay zu sein.}) 14. a3 Nc6 15. Nxd5 ({
Nach} 15. c5 $6 {hat Schwarz am Königsflügel die Oberhand während Weiß auf der
anderen Seite noch viel Zeit braucht.}) 15... Bxd5 16. cxd5 Qxd5 $15 {Pd4 ist
schwach, Weiß hat dafür kaum Kompensation.} 17. Qa4 (17. Bf4 $5) 17... Bf6 {
[%cal Rf6d4]} 18. Rd1 Rad8 19. Be3 (19. Bc4 Qd6 20. d5 a6 21. Qc2 Ne5 {Statt
d4 ist nun d5 schwach.}) 19... f4 $1 20. Bxf4 Nxd4 21. Nxd4 Bxd4 22. Be3 c5 23.
Bxd4 $1 (23. Bf3 Rxf3 $1 24. gxf3 Ng5 $40) (23. Qxa7 Nxf2 24. Bxd4 cxd4 25. Rf1
Qe5 $19 {(Fritz)}) 23... cxd4 24. f3 d3 $5 {Nur durch die Matchsituation
bedingt wickelt Ponomariov praktisch zum Remis ab.} ({Nach} 24... Nc5 25. Qc4 (
25. Qxa7 $2 Nb3 26. Rab1 Qc6 $19 {(Fritz)}) 25... Qe5 {steht Schwarz natürlich
auch sehr gut, aber mir scheint, dass der Springer auf c5 vom Wege abgekommen
ist.}) ({Nach} 24... Ng3 $1 25. Bc4 (25. Bd3 $2 Rxf3 26. gxf3 Qxf3 $19) 25...
Qg5 26. Qxa7 {hat Schwarz viele schöne Möglichkeiten; der Springer kann nach
f5 und h5 (später nach e3, h4 und f4), auch der d-Bauer stellt für Weiß eine
große Gefahr dar. Einen Gewinn in einer gründlichen Analyse (mit Hilfe von
Fritz) nachzuweisen ist freilich etwas leichter als das praktische Spiel.}) 25.
Qxe4 $1 {Auch Ivanchuk geht kein Risiko ein.} (25. Qxa7 Nc5 26. Bf1 d2 27. b4
Nb3 28. Ra2 Rfe8 29. Qf2 Qe6 {[%cal Re6e1]} 30. Raxd2 Nxd2 31. Rxd2 Rxd2 32.
Qxd2 Qe3+ 33. Qxe3 Rxe3 $17) 25... Qxe4 26. fxe4 dxe2 27. Rd5 $1 ({Nach} 27.
Rxd8 Rxd8 28. Re1 Rd2 29. b4 (29. Kf2 $2 Rxb2 30. Rxe2 Rxe2+ 31. Kxe2 Kg8 32.
Kd3 Kf7 33. Kd4 Ke6 $19) 29... Ra2 30. Kf2 Rxa3 31. Rxe2 Rb3 32. Rc2 h6 {
kann Schwarz noch risikolos auf Gewinn spielen.}) (27. Rd5 $1 Rde8 28. Rd4 Rf4
29. Re1 Rfxe4 30. Rxe4 Rxe4 31. Kf2 Kg8) 1/2-1/2

[Event "Olympiad-34"]
[Site "Istanbul"]
[Date "2000.11.04"]
[Round "7.3"]
[White "Macieja, Bartlomiej"]
[Black "Meijers, Viesturs"]
[Result "1-0"]
[WhiteElo "2536"]
[BlackElo "2478"]
[Annotator "Konikowski,J"]
[PlyCount "77"]
[EventDate "2000.10.28"]
[EventType "team-swiss"]
[EventRounds "14"]
[EventCountry "TUR"]
[SourceTitle "EXT 2001"]
[Source "ChessBase"]
[SourceDate "2000.11.22"]
[SourceVersion "1"]
[SourceVersionDate "2000.11.22"]
[SourceQuality "1"]
[WhiteTeam "Poland"]
[BlackTeam "Latvia"]
[WhiteTeamCountry "POL"]
[BlackTeamCountry "LAT"]

1. e4 e5 2. Nf3 Nf6 3. Nxe5 d6 4. Nf3 Nxe4 5. d4 d5 6. Bd3 Bd6 7. O-O O-O 8. c4
c6 9. Qc2 f5 10. Nc3 Kh8 (10... Na6 11. cxd5 Nb4 12. Qd1 Nxc3 13. bxc3 Nxd3 14.
Qxd3 cxd5 15. Qb5 Kh8 16. Kh1 Bc7 17. Ba3 a6 18. Qb3 Bd6 19. Rfe1 f4 20. Bxd6
Qxd6 21. Re5 Qc6 22. Re7 b5 23. Rae1 Qc4 24. Qa3 Bf5 25. Ne5 b4 26. Qxb4 (26.
Nxc4 $5 bxa3 27. Nb6 Rad8 28. R7e5 Bg6 29. Nxd5 Bf7 30. Nb4 $16) 26... Qxb4 27.
cxb4 Rac8 28. f3 h6 29. Nf7+ Kg8 30. Nd6 Rc2 31. R7e2 Rxe2 32. Rxe2 Bd3 33. Re7
Rf6 34. Nb7 Kf8 35. Re1 Bc4 36. a3 Rb6 37. Nc5 $16 {Ernst,T-Schneider,L/Malmo
1986/}) (10... Be6 11. Qb3 Nxc3 12. bxc3 dxc4 13. Bxc4 Bxc4 14. Qxc4+ Kh8 15.
Re1 Na6 16. Bg5 Qd7 17. Ne5 Bxe5 18. Rxe5 Rae8 19. Rae1 Nc7 20. Be7 Rg8 21. Bc5
Nd5 22. Kf1 b6 23. Ba3 f4 $132 {Dost,A-Grimm,M/Bayern 1999/}) 11. cxd5 (11. Ne5
$5) 11... cxd5 12. Nxd5 Bxh2+ 13. Kxh2 Qxd5 14. Bc4 (14. Re1 $5 Be6 15. Bxe4
fxe4 16. Qxe4 Qxe4 17. Rxe4 Bd5 18. Rf4 Rxf4 19. Bxf4 Bxf3 20. gxf3 $16) 14...
Qd6+ 15. Ne5 Nc6 16. Bf4 {[%cal Re5f7]} Qf6 17. Nxc6 bxc6 18. Be5 Qh6+ 19. Kg1
Ng5 20. f4 (20. Bd3 $5 $14) 20... Ne4 21. Bd3 Qg6 (21... Ng3 $5) 22. Rae1 Ng3
23. Rf3 Bd7 24. Ree3 Nh5 25. Qc5 Be6 $2 (25... Rfe8 $142) 26. Qxc6 Bxa2 27.
Qxg6 hxg6 28. Ba6 Bd5 29. Rf1 Kh7 30. Rh3 Kh6 31. Rc1 g5 32. Rc5 Be4 33. Rc7
Kg6 (33... g4 34. Rh2 Kg6 35. Bc4 a5 36. d5 $16) 34. fxg5 Kxg5 (34... Rh8 35.
Be2 Rag8 36. Rxa7 Kxg5 37. Kf2 $18) 35. Be2 Rh8 (35... g6 36. Bxh5 gxh5 37.
Rg3+ Kh4 38. Rcg7 $18) 36. Bxh5 Rxh5 37. Rg3+ Kh6 38. Bxg7+ Kh7 39. Be5+ (39.
Be5+ Kh6 40. Bf4+ $18) 1-0